Państwa według podpowiedzi - litera L - Statystyki

Ogólne statystyki
  • Ten quiz został rozwiązany 49 razy
  • Średni wynik to 6 z 8
Statystyki odpowiedzi
Podpowiedź Państwo % Poprawnych
Jest czwartym najmniejszym państwem w Europie i szóstym na świecie Liechtenstein
95%
Jest otoczone przez RPA Lesotho
85%
Do 2011 miało całą zieloną flagę Libia
85%
Leży na północ od Izraela Liban
82%
Ma flagę podobną do flagi USA Liberia
79%
Jego sport narodowy to koszykówka Litwa
79%
Pierwsza książka w jego języku została wydana w 1829 roku Luksemburg
62%
Najbardziej bombardowane państwo na świecie Laos
59%
Nie znaleziono quizów pasujących do podanych kryteriów
Rozkład punktacji
Procent ludzi z każdym wynikiem
Percentyl według liczby udzielonych odpowiedzi
Twoja historia wyników
Nie rozwiązałeś tego quizu